000
00297nam a22001337a 4500
008
170328b xxu||||| |||| 00| 0 eng d
020
_a
089203078X
041
_a
eng
080
_a
796.3
100
_a
8
101
_a
SHM
245
_a
SPORTS AND EXERCISE IN MIDLIFE
_c
GORDON, S.L
942
_2
udc
_c
BK
999
_c
8782
_d
8782